Statistics for 50 U.S. States, 50 Cities Map Quiz

Click here to take the quiz!

General Stats

  • This quiz has been taken 2,404 times
  • The average score is 34 of 50

Answers on the Map

Answers color-coded by a green-red scale on the quiz's map according to % correct below.
 

Answer Stats

Answer% Correct
Los Angeles
86%
Atlanta
85%
Miami
85%
New Orleans
83%
Portland
83%
Albuquerque
82%
Las Vegas
79%
San Antonio
79%
Chicago
77%
Memphis
77%
Boston
76%
Denver
75%
Detroit
75%
Indianapolis
75%
Salt Lake City
75%
Boise
74%
New York City
74%
Olympia
74%
Minneapolis
73%
Tucson
71%
Cincinnati
70%
Baltimore
69%
Hilo
69%
Jackson
69%
Little Rock
69%
Charlotte
68%
Richmond
68%
Fairbanks
67%
Philadelphia
67%
Des Moines
65%
Mobile
65%
Omaha
64%
St. Louis
64%
Augusta
63%
Madison
63%
Charleston
62%
Tulsa
62%
Louisville
60%
Wichita
59%
Atlantic City
58%
Fargo
57%
Billings
56%
Dover
56%
Sioux Falls
56%
New Haven
52%
Casper
51%
Columbia
50%
Burlington
49%
Newport
47%
Manchester
46%

Score Distribution

Percentile by Number Answered

Percent of People with Each Score

Your Score History

You have not taken this quiz